| 000 | 00488nam a2200193Ia 4500 | ||
|---|---|---|---|
| 005 | 20240823025308.0 | ||
| 008 | 240823s9999||||xx |||||||||||||| ||und|| | ||
| 020 | _a978-0-0760-628-9 | ||
| 041 | _aENGLISH | ||
| 082 | _A629.134353 Q0 | ||
| 100 | _aJack D Mattingly | ||
| 245 | 0 | _aElements of Gas Turbine Propulsion | |
| 250 | _a1st | ||
| 260 |
_c2010 _b"Tata Mcgraw Hill,New" |
||
| 500 | _aYES | ||
| 650 |
_aGAs Turbine _bAeronautical Engineering |
||
| 942 | _cBK | ||
| 999 |
_c185975 _d185975 |
||